Evénements du 4 décembre - Statistiques

Statistiques générales
  • Ce quiz a été pris 58 fois
  • Le résultat moyen est 7 sur 15
Statistiques - réponses
Hint Réponse % Correct
Charlemagne devient seul maître du royaume franc 771
87%
Napoléon entre dans Madrid 1808
80%
Mort du cardinal de Richelieu 1642
67%
Naissance du futur général Francisco Franco 1892
67%
Ratification du traité de Paris entre Henri III d'Angleterre et Louis IX de France 1259
61%
Le mark devient la monnaie de l'empire allemand 1871
52%
Naissance de l'acteur Gérard Philippe 1922
50%
Mort de la chanteuse Gloria Lasso 2005
48%
Naissance du perchiste Sergeï Bubka 1963
43%
Mort du dessinateur Gotlib 2016
43%
Mariage de Philippe de Belgique et Mathilde d'Udekem d'Acoz 1999
39%
Naissance du peintre Wassily Kandinsky 1866
30%
Début du grand smog de Londres 1952
30%
Mort du pape Jean XXII 1334
22%
Première observation d'un transit de Vénus 1639
20%
Aucun quiz correspondant
Distribution des résultats
% des personnes avec chaque résultat
Percentile par nombre de réponses
Votre historique - résultats
Vous n’avez pas pris ce quiz